Asian Countries as Sorted Heterograms - Statistics

General Stats
  • This quiz has been taken 469 times
  • The average score is 43 of 48
Answer Stats
Heterogram Country % Correct
ACHIN China
97%
AFGHINST Afghanistan
96%
AJNP Japan
96%
CPRSUY Cyprus
95%
ADIN India
95%
ALOS Laos
95%
AQRT Qatar
95%
EKRTUY Turkey
95%
EMNY Yemen
95%
AINR Iran
94%
AIQR Iraq
94%
AHKNSTZ Kazakhstan
94%
AGKNRSTYZ Kyrgyzstan
94%
ADJNOR Jordan
93%
AELNP Nepal
93%
AMNO Oman
93%
AIRSY Syria
93%
ABEIJNRZ Azerbaijan
92%
ABHNTU Bhutan
92%
AEGIOR Georgia
91%
EHILNPS Philippines
91%
AINTW Taiwan
91%
AIJKNST Tajikistan
91%
ABEIKNSTUZ Uzbekistan
91%
AEIMNTV Vietnam
91%
AEIKMNRSTU Turkmenistan
90%
AGILMNO Mongolia
89%
ADHILNT Thailand
89%
ABHINR Bahrain
88%
ABDEGHLNS Bangladesh
88%
ABCDIMO Cambodia
88%
AIKTUW Kuwait
88%
AIKNPST Pakistan
88%
AILMSY Malaysia
87%
AEHKNORT North Korea
87%
AEHKORSTU South Korea
87%
ABELNO Lebanon
86%
AEGINOPRS Singapore
86%
BEINRU Brunei
85%
AEILRS Israel
85%
AEIMNR Armenia
84%
AIKLNRS Sri Lanka
83%
ADEILMSV Maldives
82%
AMNRY Myanmar
82%
ABDIRSU Saudi Arabia
79%
ADEINOS Indonesia
78%
AEIMORST East Timor
77%
ABDEIMNRSTU United Arab Emirates
76%
No matching quizzes found
Score Distribution
Percent of People with Each Score
Percentile by Number Answered
Your Score History
You have not taken this quiz